000 00626nam a2200241Ia 4500
001 1975
003 GE_BSU
008 181216s||||||||xx |||||||||||||| ||und||
020 _a9785969201620
040 _cGE_BSU
080 _a347.7(075.8)
100 _aКрохина,Ю.А.
245 _aВалютное право.
245 _bУчебник для вузов
245 _cПод ред.Ю.А.Крохиной
260 _aМосква
260 _bВысшее образование
260 _c2007
300 _a378стр.
541 _h12л.
653 _aВалютное право.
942 _cBK
999 _c36075
_d36075